000 00540nam a2200205Ia 4500
003 GCL
008 140319s9999 xx 000 0 eng d
040 _aGCL /
_cGCL
082 0 4 _a664.092
_bP H
100 1 _aPAINE, FRANK A.
245 1 0 _aA HANDBOOK OF FOOD PACKAGING /
_cPAINE, FRANK A.
700 1 _aPAINE, HEATHER Y.
260 _a[S.N] :
_bBLACKIE ACADEMIC & PROFESSIONAL ،
_c1992
300 _a497P
650 0 4 _aPACKAGING
650 0 4 _aFOOD
650 0 4 _aFOOD PACKAGING
650 0 4 _aMACHINERY - INDUSTRY
942 _2ddc
_cBK
999 _c12389
_d12389